[Event "San Francisco TNM Wilkerson U2000 op"]
[Site "San Francisco"]
[Date "2020.02.25"]
[Round "7"]
[White "Mercado, Adam"]
[Black "Gurovich, Roman"]
[Result "1-0"]
[WhiteElo "1709"]
[BlackElo "1817"]
[PlyCount "74"]
[EventDate "2020.01.07"]
[EventType "swiss"]
[EventRounds "7"]
[EventCountry "USA"]
[SourceTitle "EXT 2021"]
[Source "ChessBase"]
[SourceDate "2020.10.23"]
[SourceVersion "1"]
[SourceVersionDate "2020.10.23"]
[SourceQuality "1"]

1. e4 c6 2. d4 d5 3. Nc3 dxe4 4. Nxe4 Bf5 5. Ng3 Bg6 6. Nf3 Nd7 7. h4 h6 8. h5 Bh7 9. Bd3 Bxd3 10. Qxd3 Ngf6 11. Bd2 e6 12. 0-0-0 Bd6 13. Ne4 Nxe4 14. Qxe4 Qc7 15. c4 0-0-0 16. c5 Bf8 17. Bf4 Qa5 18. Kb1 Qa4 19. Nd2 Nxc5 20. dxc5 Rd4 21. Qe2 Rxf4 22. g3 Rd4 23. Nb3 Rxd1+ 24. Rxd1 Be7 25. Rd4 Qb5 26. Rc4 Rd8 27. Kc2 a5 28. a4 Qa6 29. Qe4 Rd5 30. g4 Re5 31. Qd3 Rd5 32. Qe4 Re5 33. Qd3 Rd5 34. Rd4 Qxd3+ 35. Rxd3 Rxd3 36. Kxd3 Bd8 37. Nd4 Bf6 1-0

[Event "San Francisco TNM Wilkerson U2000 op"]
[Site "San Francisco"]
[Date "2020.01.21"]
[Round "3"]
[White "Mercado, Adam"]
[Black "Malykin, Erika"]
[Result "1-0"]
[WhiteElo "1709"]
[BlackElo "1657"]
[PlyCount "45"]
[EventDate "2020.01.07"]
[EventType "swiss"]
[EventRounds "7"]
[EventCountry "USA"]
[SourceTitle "EXT 2021"]
[Source "ChessBase"]
[SourceDate "2020.10.23"]
[SourceVersion "1"]
[SourceVersionDate "2020.10.23"]
[SourceQuality "1"]

1. e4 c5 2. Nf3 d6 3. d4 cxd4 4. Nxd4 Nc6 5. Nc3 Nf6 6. Be2 g6 7. Be3 Bg7 8. f3 Bd7 9. Qd2 b6 10. g4 Nxd4 11. Bxd4 0-0 12. h4 h5 13. Bxf6 Bxf6 14. gxh5 d5 15. Nxd5 Bxh4+ 16. Rxh4 e6 17. Rh2 exd5 18. hxg6 Qf6 19. g7 Rfc8 20. Bd3 dxe4 21. Bxe4 Bc6 22. 0-0-0 Rd8 23. Rg1 1-0

[Event "San Francisco TNM Wilkerson U2000 op"]
[Site "San Francisco"]
[Date "2020.01.11"]
[Round "5"]
[White "Mercado, Adam"]
[Black "Boldi, Nicholas Armen"]
[Result "0-1"]
[WhiteElo "1709"]
[BlackElo "1516"]
[PlyCount "118"]
[EventDate "2020.01.07"]
[EventType "swiss"]
[EventRounds "7"]
[EventCountry "USA"]
[SourceTitle "EXT 2021"]
[Source "ChessBase"]
[SourceDate "2020.10.23"]
[SourceVersion "1"]
[SourceVersionDate "2020.10.23"]
[SourceQuality "1"]

1. e4 e6 2. d4 d5 3. Nd2 Nf6 4. e5 Nfd7 5. c3 c5 6. Bd3 Nc6 7. Ngf3 cxd4 8. cxd4 f6 9. 0-0 fxe5 10. dxe5 Qc7 11. Qa4 Nc5 12. Qc2 Nb4 13. Bb5+ Bd7 14. Bxd7+ Qxd7 15. Qc3 Nbd3 16. b4 Nxc1 17. Raxc1 Na6 18. a3 Be7 19. Nd4 0-0 20. Qh3 Nc7 21. f4 Rae8 22. Qg4 Bd8 23. N2f3 Nb5 24. Nb3 Bb6+ 25. Kh1 Be3 26. Nc5 Qe7 27. Ng5 Bxc5 28. Rxc5 Nxa3 29. Nxh7 Kxh7 30. Qh3+ Kg8 31. Qxa3 b6 32. Rc6 Qd7 33. b5 d4 34. Qb3 Qd5 35. Qd3 Rc8 36. Rd6 Qc4 37. Rxd4 Qxd3 38. Rxd3 Rxf4 39. Re1 Rc5 40. g3 Rf5 41. Rd8+ Kh7 42. Re8 Rfxe5 43. Rxe6 Rxe1+ 44. Rxe1 Rxb5 45. Re7 a5 46. Ra7 Rb2 47. Ra6 Rb4 48. Kg2 a4 49. Kh3 b5 50. g4 Rb3+ 51. Kh4 a3 52. g5 b4 53. Kg4 Rb2 54. h4 a2 55. Kh5 Rg2 56. g6+ Rxg6 57. Rxa2 b3 58. Rb2 Rg3 59. Re2 g6# 0-1

[Event "San Francisco TNM Wilkerson U2000 op"]
[Site "San Francisco"]
[Date "2020.01.07"]
[Round "1"]
[White "Mercado, Adam"]
[Black "Tamondong, Cesar"]
[Result "1-0"]
[WhiteElo "1709"]
[BlackElo "1497"]
[PlyCount "63"]
[EventDate "2020.01.07"]
[EventType "swiss"]
[EventRounds "7"]
[EventCountry "USA"]
[SourceTitle "EXT 2021"]
[Source "ChessBase"]
[SourceDate "2020.10.23"]
[SourceVersion "1"]
[SourceVersionDate "2020.10.23"]
[SourceQuality "1"]

1. e4 c5 2. Nf3 Nc6 3. d4 cxd4 4. Nxd4 e5 5. Nb5 d6 6. N1c3 a6 7. Na3 b5 8. Nd5 Rb8 9. c3 h6 10. Be3 Nf6 11. Qf3 Be7 12. Nc2 0-0 13. Be2 Be6 14. 0-0 Ng4 15. Bd2 Bg5 16. Rad1 Bxd2 17. Rxd2 Ne7 18. h3 Bxd5 19. hxg4 Bb7 20. Rfd1 Qa5 21. Nb4 f5 22. Qd3 fxe4 23. Qxd6 Rbe8 24. Qe6+ Kh8 25. Rd7 Bc8 26. g5 Bxd7 27. Rxd7 Nf5 28. Qg6 Rd8 29. Bg4 Rxd7 30. Bxf5 Rxf5 31. Qe8+ Rf8 32. Qxf8+ 1-0